Normale Ansicht MARC-Ansicht ISBD

Gesellschaftliche Grundbegriffe : (Titelsatznr. 71145)

[ MARC ]
MARC-Details
000 -Satzkennung
Kontrollfeld mit fester Länge 01532nam a22003253i 4500
001 - Kontrollnummer
Kontrollfeld EBC7290817
003 - Kontrollnummer Identifier
Kontrollfeld MiAaPQ
005 - Datum und Zeit der letzten Transaktion
Kontrollfeld 20240521115317.0
007 - Feld mit fester Länge zur physischen Beschreibung - Allgemeine Information
Kontrollfeld mit fester Länge cr cnu||||||||
008 - Feld mit fester Länge zur physischen Beschreibung - Allgemeine Angaben
Kontrollfeld mit fester Länge 240521s2023 xx o ||||0 ger d
020 ## - Internationale Standardbuchnummer
Internationale Standardbuchnummer 9783406807688
Nähere Angaben (electronic bk.)
020 ## - Internationale Standardbuchnummer
Gelöschte/ungültige ISBN 9783406807695
040 ## - Katalogisierungsquelle
Original-Katalogisierungsstelle MiAaPQ
Katalogisierungssprache eng
Übertragungsstelle MiAaPQ
100 1# - Haupteintragung - Personenname
Personenname Nassehi, Armin.
Koha-Normdatenidentnummer 22144
245 10 - Titel
Titel Gesellschaftliche Grundbegriffe :
Zusatz zum Titel Ein Glossar der öffentlichen Rede.
250 ## - Ausgabebezeichnung
Ausgabebezeichnung 1st ed.
264 #1 - Produktion, Veröffentlichung, Distribution, Herstellung und Urheberrechtsvermerk
Herstellungs-, Veröffentlichungs- Vertriebs-, Erzeugungsort München :
Produzent, Herausgeber, Distributor, Hersteller C.H. Beck,
Datum der Herstellung, der Veröffentlichung, des Vertriebs oder des Urheberschutzvermerks 2023.
264 #4 - Produktion, Veröffentlichung, Distribution, Herstellung und Urheberrechtsvermerk
Datum der Herstellung, der Veröffentlichung, des Vertriebs oder des Urheberschutzvermerks {copy}2023.
300 ## - Physische Beschreibung
Umfang 1 online resource (400 pages)
336 ## - Inhaltstyp
Inhaltstypterm Text
Inhaltstypcode txt
Quelle rdacontent
337 ## - Medientyp
Bezeichnung des Medientyps Computermedien
Medientypcode c
Quelle rdamedia
338 ## - Datenträgertyp
Datenträgertypbezeichnung Online Resource
Datenträgertypcode cr
Quelle rdacarrier
500 ## - Allgemeine Fußnote
Allgemeine Fußnote E-Book-ProQuest / Fernzugriff nach Registrierung möglich
505 0# - Fußnote zu strukturierten Inhaltsangaben
Fußnote zu strukturierten Inhaltsangaben Cover -- Titel -- Impressum -- Inhaltsverzeichnis -- Vorwort -- Einleitung -- Demokratie -- Freiheit -- Fremdheit -- der Fremde -- Gesellschaft -- Gleichheit/Ungleichheit -- Handeln -- Identität -- Kommunikation -- Konflikt -- Krise -- Kritik -- Kultur -- Lebenswelt -- Macht -- Natur -- Öffentlichkeit -- Populismus -- Technik -- Wissen -- Anmerkungen -- Register -- Zum Buch.
655 ## - Indexierungsterm - Genre/Form
Genre/Form oder fokussierter Term Fernzugriff
Koha-Normdatenidentnummer 230
655 #4 - Indexierungsterm - Genre/Form
Genre/Form oder fokussierter Term
776 08 - Andere physische Form
Verweisungsphrase Print version:
Haupteintragung Nassehi, Armin
Titel Gesellschaftliche Grundbegriffe
Ort, Verlag und Erscheinungsjahr München : C.H. Beck,c2023
Internationale Standardbuchnummer 9783406807695
856 40 - Elektronische Adresse und Zugriff
URL <a href="https://ebookcentral.proquest.com/lib/maxweberstiftung-ebooks/detail.action?docID=7290817">https://ebookcentral.proquest.com/lib/maxweberstiftung-ebooks/detail.action?docID=7290817</a>
OPAC-Notiz Volltext
942 ## - Zusätzliche Felder (Koha)
Koha-Medientyp E-Books
Exemplare
Ausgeschieden Verloren Klassifikation oder Aufstellungssystematik Beschädigt Nicht entleihbar Heimatbibliothek Aufenthaltsbibliothek Aufstellungsort Erwerbungsdatum Inventarnummer Signatur Barcode Letzte Aktivität Preis gültig von Koha-Medientyp
    Andere/Generische Klassifikation     MWN Osteuropa MWN Osteuropa Online-Ressource 21/05/2024 24-e00853 E-24-e00853 74038 21/05/2024 21/05/2024 E-Books